000 00387nam a22001697a 4500
003 MPLRDC
005 20220104144359.0
008 210129b ||||| |||| 00| 0 eng d
082 _a528.972 WY
100 _a本社编
245 _a太极神功
_c
260 _a
_b万叶出版社
_c
300 _b
490 _a大众保健丛书
650 _a太极
942 _cBK
_o528.972 WY
999 _c49046
_d49036